[Event "Belgrade Yugometal (Women)"]
[Site "Belgrade"]
[Date "1996.??.??"]
[Round "2"]
[White "Galliamova, Alisa"]
[Black "Chiburdanidze, Maia"]
[Result "0-1"]
[WhiteElo "2475"]
[BlackElo "2540"]

1.d4 d5 2.c4 c6 3.Nf3 Nf6 4.Nc3 e6 5.Bg5 h6 6.Bxf6 Qxf6 7.e3 Nd7 8.Bd3 dxc4
9.Bxc4 g6 10.O-O Bg7 11.e4 e5 12.d5 Nb6 13.Nd2 O-O 14.Bb3 Rd8 15.Nc4 Nxc4
16.Bxc4 b5 17.Bb3 b4 18.Na4 cxd5 19.Bxd5 Bb7 20.Qd2 Bxd5 21.exd5 Qa6 22.b3 Qb5
23.Rfd1 Rac8 24.Rab1 Rd6 25.Qd3 Qxd3 26.Rxd3 Rcd8 27.Rbd1 e4 28.R3d2 Bc3
29.Nxc3 bxc3 30.Rc2 Rxd5 31.Rxd5 Rxd5 32.Kf1 Rd3 33.Ke2 f5 34.Rc1 f4 35.a4 Kf7
36.b4 Ke6 37.b5 Kd5 38.a5 Kc4  0-1

[Event "Belgrade Yugometal (Women)"]
[Site "Belgrade"]
[Date "1996.??.??"]
[Round "3"]
[White "Chiburdanidze, Maia"]
[Black "Bojkovic, Natasa"]
[Result "1-0"]
[WhiteElo "2540"]
[BlackElo "2405"]

1.d4 Nf6 2.c4 e6 3.Nc3 Bb4 4.e3 O-O 5.Bd3 d5 6.cxd5 exd5 7.Ne2 Re8 8.Bd2 Bf8
9.Qc2 b6 10.a3 c5 11.dxc5 bxc5 12.O-O Nc6 13.Rfd1 Ne5 14.Bb5 Bd7 15.Bxd7 Qxd7
16.Be1 Qb7 17.Nf4 Rad8 18.Nce2 Ng6 19.Nxg6 hxg6 20.Rd3 d4 21.exd4 cxd4 22.Nxd4 Nh5
23.Re3 Nf4 24.Nf3 Qd7 25.h3 Qb7 26.Qb3 Qc6 27.Rxe8 Rxe8 28.Bd2 Ne2+ 29.Kh1 Bc5
30.Qc4 Re4 31.Qc2 Qd5 32.b4 Bf8 33.Re1 f5 34.Be3 Nf4 35.Rd1 Qe6 36.Ng5 Qc4
37.Qxc4+ Rxc4 38.Rd8  1-0

[Event "Belgrade Yugometal (Women)"]
[Site "Belgrade"]
[Date "1996.??.??"]
[Round "6"]
[White "Gaponenko, Inna"]
[Black "Chiburdanidze, Maia"]
[Result "0-1"]
[WhiteElo "2340"]
[BlackElo "2540"]

1.e4 c6 2.d4 d5 3.exd5 cxd5 4.c4 e6 5.Nc3 Nf6 6.Nf3 Bb4 7.Bd3 dxc4 8.Bxc4 O-O
9.O-O b6 10.Bg5 Bb7 11.Ne5 Be7 12.Qe2 Nc6 13.Rad1 Nb4 14.Rfe1 Nfd5 15.Bxe7 Qxe7
16.a3 Nxc3 17.bxc3 Nd5 18.Bxd5 Bxd5 19.c4 Bb7 20.Rd3 Rfd8 21.Qd2 Qc7 22.Rg3 f6
23.Ng4 Kh8 24.d5 exd5 25.cxd5 Bxd5 26.h3 f5 27.Ne5 Bxg2 28.Qg5 Be4 29.Qh4 Qxe5  0-1

[Event "Belgrade Yugometal (Women)"]
[Site "Belgrade"]
[Date "1996.??.??"]
[Round "7"]
[White "Chiburdanidze, Maia"]
[Black "Gaprindashvili, Nona"]
[Result "1-0"]
[WhiteElo "2540"]
[BlackElo "2385"]

1.d4 g6 2.c4 Bg7 3.g3 d6 4.Nf3 Nd7 5.Nc3 e5 6.Bg2 Nh6 7.dxe5 dxe5 8.h4 O-O
9.h5 Ng4 10.hxg6 hxg6 11.Bg5 Bf6 12.Ne4 Bxg5 13.Nfxg5 Ndf6 14.Rh8+ Kxh8 15.Nxf7+ Rxf7
16.Qxd8+ Kg7 17.Nxf6 Nxf6 18.O-O-O  1-0

[Event "Belgrade Yugometal (Women)"]
[Site "Belgrade"]
[Date "1996.??.??"]
[Round "9"]
[White "Chiburdanidze, Maia"]
[Black "Ioseliani, Nana"]
[Result "1/2-1/2"]
[WhiteElo "2540"]
[BlackElo "2500"]

1.d4 d5 2.c4 e6 3.Nf3 c6 4.e3 Nf6 5.Bd3 Nbd7 6.Nbd2 Be7 7.O-O b6 8.b3 Bb7
9.Bb2 O-O 10.Qe2 c5 11.Rac1 Ne4 12.cxd5 exd5 13.Rfd1 Bf6 14.Ne5 Nxd2 15.Rxd2 cxd4
16.Nxd7 Qxd7 17.Bb5 Qe6 18.Bxd4  1/2-1/2

[Event "Belgrade Yugometal (Women)"]
[Site "Belgrade"]
[Date "1996.??.??"]
[Round "10"]
[White "Vuksanovic, Sanja"]
[Black "Chiburdanidze, Maia"]
[Result "0-1"]
[WhiteElo "2250"]
[BlackElo "2540"]

1.e4 c6 2.d4 d5 3.Nc3 dxe4 4.Nxe4 Bf5 5.Ng3 Bg6 6.h4 h6 7.Nh3 Nf6 8.Nf4 Bh7
9.Bc4 Nbd7 10.O-O Nb6 11.Bb3 Qd7 12.Re1 Rd8 13.Ngh5 Nxh5 14.Nxh5 Qxd4 15.Qf3 Nd5
16.Be3 Qe4 17.Qxe4 Bxe4 18.Bxa7 Bg6 19.Ng3 e6 20.h5 Bh7 21.Rad1 Be7 22.c4 Nf6
23.Rxd8+ Kxd8 24.Bb6+ Kc8 25.Ba4 Bd3 26.Rc1 Bd6 27.Rd1 Bxg3 28.Rxd3 Be5 29.b4 Nxh5
30.b5 Bc7 31.Be3 cxb5 32.cxb5 Rd8 33.Rc3 Kb8 34.Bc2 Nf6 35.Ra3 Nd5 36.Ba7+ Kc8
37.Bd4 Nb4 38.Ra8+ Bb8 39.Bxg7 Kd7 40.Be4 Bh2+ 41.Kxh2 Rxa8 42.Bxb7 Rxa2
43.f4 Ra5 44.Bxh6 Rxb5 45.Bf3 Ke7 46.Bg5+ f6 47.Bh4 Nd3 48.Be2 Rd5 49.Kg3 Rd4
50.f5 exf5 51.Bf3 Ne5 52.Bh5 Rd8 53.Kh3 Rh8 54.Be2 Ng6 55.g3  0-1

[Event "Lippstadt"]
[Site "Lippstadt"]
[Date "1996.??.??"]
[Round "3"]
[White "Chiburdanidze, Maia"]
[Black "Schmaltz, Roland"]
[Result "1/2-1/2"]
[WhiteElo "2540"]
[BlackElo "2440"]

1.d4 g6 2.c4 Bg7 3.g3 Nf6 4.Nf3 O-O 5.Bg2 d6 6.Nc3 Nbd7 7.h3 e5 8.Be3 Re8
9.Qd2 exd4 10.Nxd4 Nc5 11.Rd1 Nfe4 12.Nxe4 Nxe4 13.Qc1 Qe7 14.Nc2 Bf5 15.g4 Nxf2
16.gxf5 Nxh1 17.Bxh1 Qh4+ 18.Kf1 Qxh3+ 19.Bg2 Qxf5+ 20.Bf2 c6 21.b3 a5 22.Nd4 Qe5
23.Qc2 a4 24.b4 a3 25.b5 c5 26.Nf3 Qb2 27.Ne1 Re7 28.Rxd6 Bc3 29.Qd3 Rae8
30.Bf3 Be5 31.Rd7 Bd4 32.Rxe7 Rxe7 33.Nc2 Qc1+ 34.Kg2 Qg5+ 35.Kf1 Bxf2 36.Kxf2 h5
37.Qd5 Qh4+ 38.Kg2 b6 39.Nxa3 Ra7 40.Nc2 Rxa2 41.Ne3 Ra1 42.Nf1 Rc1 43.Ng3 Rxc4
44.Qe5 Rc1 45.Bd5 Kf8 46.Qh8+ Ke7 47.Qe5+ Kf8  1/2-1/2

[Event "Lippstadt"]
[Site "Lippstadt"]
[Date "1996.??.??"]
[Round "4"]
[White "Wehmeier, Stefan"]
[Black "Chiburdanidze, Maia"]
[Result "0-1"]
[WhiteElo "2400"]
[BlackElo "2540"]

1.e4 c6 2.Nc3 d5 3.f4 dxe4 4.Nxe4 Nd7 5.Nf3 Ngf6 6.Nf2 e6 7.Nd3 Bd6 8.b3 Qc7
9.g3 b6 10.Bb2 Ba6 11.c4 O-O 12.Bg2 b5 13.Nfe5 bxc4 14.bxc4 Bxe5 15.Nxe5 Nxe5
16.Bxe5 Qa5 17.Qe2 Rfd8 18.Bc3 Qa4 19.d3 Qa3 20.Bxf6 gxf6 21.O-O Rxd3 22.Bxc6 Qc5+
23.Rf2 Qxc6 24.Qxd3 Bb7  0-1

[Event "Lippstadt"]
[Site "Lippstadt"]
[Date "1996.??.??"]
[Round "5"]
[White "Chiburdanidze, Maia"]
[Black "Pedzich, Dominik"]
[Result "1-0"]
[WhiteElo "2540"]
[BlackElo "2445"]

1.d4 Nf6 2.c4 g6 3.g3 c6 4.Nf3 d5 5.cxd5 cxd5 6.Nc3 Bg7 7.Bg2 O-O 8.Ne5 e6
9.O-O Nfd7 10.f4 f6 11.Nf3 Nc6 12.Be3 f5 13.Ne5 Nf6 14.Rc1 Bd7 15.Na4 Nxe5
16.dxe5 Ng4 17.Bd4 b6 18.Nc3 Bc6 19.Ne4 dxe4 20.Rxc6 Qd5 21.Rc1 Rfd8 22.e3 Bf8
23.h3 Nh6 24.Qa4 Bc5 25.Rfd1 Rac8 26.Bxc5 Rxc5 27.Rxd5 Rxc1+ 28.Kh2 Rxd5
29.Qe8+ Kg7 30.Qe7+ Nf7 31.Qxe6 Rd2 32.Qf6+ Kh6 33.g4 Rcc2 34.Kg3 Rxg2+ 35.Kh4 fxg4
36.Qxf7  1-0

[Event "Lippstadt"]
[Site "Lippstadt"]
[Date "1996.??.??"]
[Round "6"]
[White "Schlosser, Philipp"]
[Black "Chiburdanidze, Maia"]
[Result "1-0"]
[WhiteElo "2560"]
[BlackElo "2540"]

1.c4 c6 2.Nf3 d5 3.e3 Nf6 4.Nc3 e6 5.d4 Nbd7 6.Qc2 Bd6 7.Bd3 dxc4 8.Bxc4 O-O
9.O-O Qe7 10.h3 c5 11.Rd1 a6 12.a4 Nb6 13.dxc5 Bxc5 14.Bb3 Qc7 15.e4 Nbd7
16.Qe2 Nh5 17.e5 Ng3 18.Qe1 b6 19.Bf4 Nf5 20.Ne4 Bb7 21.Rac1 Bc6 22.Bc2 a5
23.h4 Qb7 24.h5 Bb4 25.Qe2 Nc5 26.Nd6 Nxd6 27.exd6 f6 28.Bb3 Kh8 29.Nh4 Qf7
30.Bc2 f5 31.h6 Kg8 32.hxg7 Rfe8 33.Be5 Nd7 34.Bb3 Bd5 35.Nxf5 Qg6 36.Rxd5  1-0

[Event "Lippstadt"]
[Site "Lippstadt"]
[Date "1996.??.??"]
[Round "7"]
[White "Chiburdanidze, Maia"]
[Black "Touzane, Olivier"]
[Result "1-0"]
[WhiteElo "2540"]
[BlackElo "2495"]

1.d4 Nf6 2.c4 g6 3.g3 Bg7 4.Bg2 O-O 5.Nc3 d6 6.Nf3 Nbd7 7.O-O e5 8.e4 c6
9.h3 Qb6 10.c5 dxc5 11.dxe5 Ne8 12.e6 fxe6 13.Ng5 Ne5 14.f4 Nf7 15.Nxf7 Bd4+
16.Kh2 Rxf7 17.e5 Nc7 18.Ne4 Nd5 19.h4 Qd8 20.h5 b6 21.Ng5 Rg7 22.hxg6 hxg6
23.Be4 Ba6 24.Rh1 Bc4 25.Qg4 Ne7 26.Kg2 Bd5 27.Kf1 Nf5 28.Qh3 Kf8 29.g4 Bxe4
30.Nxe6+ Ke7 31.Nxd8 Rxd8 32.gxf5 gxf5 33.Rh2 Rg1+ 34.Ke2 Rdg8 35.Be3 Rxa1
36.Qh7+ Kf8 37.Bxd4 cxd4 38.e6 d3+ 39.Kd2  1-0

[Event "JUG-ch (Women) 1"]
[Site "Vrnjacka Banja"]
[Date "1996.??.??"]
[Round "?"]
[White "Ruchieva, Natalia"]
[Black "Chiburdanidze, Maia"]
[Result "1/2-1/2"]
[WhiteElo "2255"]
[BlackElo "2515"]

1.d4 d5 2.c4 e6 3.cxd5 exd5 4.Nc3 Be7 5.Nf3 Nf6 6.Bg5 Nbd7 7.Qc2 O-O 8.e3 c6
9.Bd3 Re8 10.O-O Nf8 11.Rab1 g6 12.b4 a6 13.Rfc1 Ne6 14.Bxf6 Bxf6 15.Na4 Ng7
16.Nc5 Qe7 17.a4 b6 18.Nb3 Bd7 19.a5 b5 20.Nc5 Bf5 21.Rb3 Rec8 22.Rc3 Rc7
23.h3 Qd6 24.Nd2 Bd8 25.Ndb3 Bc8 26.Be2 Bf5 27.Bd3 Bc8 28.e4 dxe4 29.Bxe4 Bf5
30.Bxf5 Nxf5 31.Nd3 Rac8 32.Ne5 Nxd4 33.Nxd4 Qxd4 34.Nxc6 Qf6 35.Rc5 Kg7
36.Nxd8 Rxc5 37.bxc5 Qxd8 38.Qc3+ Kg8 39.c6 Qc7 40.Qb4 Re8 41.Qd4 Rd8 42.Qb6 Qc8
43.Qb7 Kg7 44.Qxc8 Rxc8 45.c7 Kf8 46.Rc6 Ke7 47.Rxa6 Rxc7 48.Rb6 b4 49.Rxb4 Ra7
50.Ra4 Ra6 51.f4 h5 52.Kf2 Kd6 53.Ke3 Kc5 54.Ra1 Kc4 55.Ke4 Re6+ 56.Kf3 Ra6
57.g4 hxg4+ 58.Kxg4 Kb3 59.Kg5 Kb2 60.Re1 Rxa5+ 61.Re5 Ra6 62.Rc5 Kb3 63.f5 gxf5
64.Rxf5 Rg6+ 65.Kh5 Rg3 66.h4 Kc4 67.Rxf7 Kd5 68.Re7 Kd6  1/2-1/2

[Event "JUG-ch (Women) 1"]
[Site "Vrnjacka Banja"]
[Date "1996.??.??"]
[Round "?"]
[White "Peng, Zhaoqin"]
[Black "Chiburdanidze, Maia"]
[Result "1/2-1/2"]
[WhiteElo "2410"]
[BlackElo "2515"]

1.d4 d5 2.c4 c6 3.Nc3 Nf6 4.Nf3 e6 5.e3 Nbd7 6.Bd3 dxc4 7.Bxc4 b5 8.Bd3 Bb7
9.e4 b4 10.Na4 c5 11.e5 Nd5 12.O-O h6 13.Nxc5 Bxc5 14.dxc5 Nxc5 15.Bb5+ Kf8
16.a3 bxa3 17.Rxa3 a6 18.Be2 Qb6 19.Qd4 a5 20.Bd2 Ke7 21.Rc1 Rhc8 22.Ne1 Rc6
23.Bc4 Nd7 24.Qh4+ Kf8 25.Nd3 Ne7 26.Rb3 Qc7 27.Rbc3 Nf5 28.Qf4 Nb6 29.Ba2 Rxc3
30.Bxc3 Qe7 31.Qd2 Kg8 32.f3 a4 33.Bb4  1/2-1/2

[Event "JUG-ch (Women) 1"]
[Site "Vrnjacka Banja"]
[Date "1996.??.??"]
[Round "?"]
[White "Manakova, Maria"]
[Black "Chiburdanidze, Maia"]
[Result "1/2-1/2"]
[WhiteElo "2290"]
[BlackElo "2515"]

1.e4 c6 2.c4 d5 3.exd5 cxd5 4.cxd5 Nf6 5.Nc3 Nxd5 6.Nf3 Nxc3 7.bxc3 g6 8.Qa4+ Nc6
9.Ne5 Bd7 10.Qf4 Nxe5 11.Qxe5 f6 12.Qe3 Qb6 13.d4 Qe6 14.Rb1 b6 15.Bb5 Qxe3+
16.fxe3 Rc8 17.Kd2 e5 18.Kd3 Bd6 19.e4 Bxb5+ 20.Rxb5 Ke7 21.a4 Rhd8 22.a5 Rd7
23.axb6 axb6 24.Bb2 exd4 25.cxd4 Rdc7 26.Rxb6 Rc2 27.d5 Be5 28.Rb7+ Ke8 29.Bxe5 fxe5
30.Rb3 Rxg2 31.Rc3 Rxc3+ 32.Kxc3 Kd7 33.h4 Rg3+ 34.Kc4 Re3 35.h5 Kd6 36.hxg6 Rxe4+
37.Kd3 Rd4+ 38.Ke3 hxg6 39.Rg1 Kxd5 40.Rxg6 Ra4 41.Rg8 Ra3+ 42.Ke2 Kd4 43.Rb8 Ra2+
44.Ke1 Ke3 45.Rb3+ Kf4 46.Rc3 Rg2 47.Ra3 e4 48.Rb3 Ra2 49.Rc3  1/2-1/2

[Event "JUG-ch (Women) 1"]
[Site "Vrnjacka Banja"]
[Date "1996.??.??"]
[Round "?"]
[White "Stepovaia Dianchenko, Tatiana"]
[Black "Chiburdanidze, Maia"]
[Result "1/2-1/2"]
[WhiteElo "2385"]
[BlackElo "2515"]

1.e4 c6 2.d4 d5 3.Nd2 dxe4 4.Nxe4 Bf5 5.Ng3 Bg6 6.Nf3 Nf6 7.h4 h6 8.h5 Bh7
9.Bd3 Bxd3 10.Qxd3 e6 11.Bd2 Be7 12.O-O-O c5 13.Bc3 O-O 14.dxc5 Qxd3 15.Rxd3 Ng4
16.Rf1 Bxc5 17.Rh1 Bb6 18.Ne1  1/2-1/2

[Event "JUG-ch (Women) 1"]
[Site "Vrnjacka Banja"]
[Date "1996.??.??"]
[Round "?"]
[White "Chiburdanidze, Maia"]
[Black "Bojkovic, Natasa"]
[Result "1/2-1/2"]
[WhiteElo "2515"]
[BlackElo "2400"]

1.d4 g6 2.c4 Bg7 3.Nc3 d6 4.e4 e5 5.Be3 Nc6 6.Nge2 Nh6 7.h3 f6 8.Qd2 Nf7
9.O-O-O a6 10.Kb1 Rb8 11.g4 Ne7 12.Nc1 Bd7 13.c5 dxc5 14.dxc5 Be6 15.Qc2 Qc8
16.Nd5 Nc6 17.Nb3 O-O 18.Bc4 Re8 19.Qe2 a5 20.Bb5 Ra8 21.Ba4 Bd7 22.Qd2 Be6
23.Rhg1 Kh8 24.Qe2 Rd8 25.Qf3 Bxd5 26.exd5 Ne7 27.Nc1 f5 28.gxf5 Qxf5+ 29.Qxf5 Nxf5
30.Ne2 Bf8 31.c6 bxc6 32.dxc6 Nxe3 33.fxe3 Nd6 34.Nc3 Nc4 35.e4 Bc5 36.Rgf1 Nd2+
37.Kc2 Nxf1 38.Rxf1 Rf8 39.Rd1 Rf2+ 40.Kb3 Bd4  1/2-1/2

[Event "JUG-ch (Women) 1"]
[Site "Vrnjacka Banja"]
[Date "1996.??.??"]
[Round "?"]
[White "Chiburdanidze, Maia"]
[Black "Khurtsidze, Nino"]
[Result "1-0"]
[WhiteElo "2515"]
[BlackElo "2365"]

1.d4 Nf6 2.c4 e6 3.Nc3 d5 4.Bg5 Nbd7 5.e3 Be7 6.Nf3 O-O 7.Bd3 dxc4 8.Bxc4 c5
9.O-O cxd4 10.exd4 Nb6 11.Bb3 Bd7 12.Ne5 Bc6 13.Qd3 Nbd5 14.Qh3 Rc8 15.Rfe1 Qd6
16.Rad1 Rfe8 17.Rd3 Bf8 18.Qh4 Nxc3 19.bxc3 Nd7 20.Bc2 Be7 21.Rf3 f5 22.Bxe7 Qxe7
23.Qxe7 Rxe7 24.Nxc6 Rxc6 25.Bxf5 Nf8 26.d5 Ra6 27.h4 g6 28.Bh3 Kg7 29.Re2 e5
30.Rfe3 Kf6 31.f4 e4 32.c4 h5 33.Rxe4 Rxe4 34.Rxe4 Rxa2 35.Re8 Kf7 36.Ra8 a5
37.Ra7 a4 38.c5 Kf6 39.Rxb7 Rc2 40.c6 a3 41.Ra7 a2 42.Kh2  1-0

[Event "JUG-ch (Women) 1"]
[Site "Vrnjacka Banja"]
[Date "1996.??.??"]
[Round "?"]
[White "Chiburdanidze, Maia"]
[Black "Prudnikova, Svetlana"]
[Result "1-0"]
[WhiteElo "2515"]
[BlackElo "2385"]

1.d4 Nf6 2.c4 e6 3.Nc3 Bb4 4.e3 c5 5.Ne2 cxd4 6.exd4 O-O 7.a3 Be7 8.Nf4 d6
9.Be3 Nbd7 10.Be2 b6 11.d5 e5 12.Nd3 a5 13.O-O Ne8 14.f4 Ba6 15.b3 f5 16.g4 g6
17.gxf5 gxf5 18.Kh1 Kh8 19.Qd2 Ng7 20.Rg1 Bf6 21.Raf1 Qe7 22.a4 Rae8 23.Rg3 Rg8
24.Rh3 Rb8 25.Bd1 Bc8 26.Rh6 e4 27.Ne1 Ne8 28.Ne2 Rg6 29.Rh3 Nc5 30.Bd4 Rb7
31.Ng2 Qf8 32.Ng3 Nd3 33.Bxf6+ Qxf6 34.Nh5 Qd4 35.Ne1 Rg1+ 36.Rxg1 Nf2+ 37.Qxf2 Qxf2
38.Rhg3 Ng7 39.Nxg7 h5 40.Nxh5  1-0

[Event "JUG-ch (Women) 1"]
[Site "Vrnjacka Banja"]
[Date "1996.??.??"]
[Round "?"]
[White "Chiburdanidze, Maia"]
[Black "Voiska, Margarita"]
[Result "1-0"]
[WhiteElo "2515"]
[BlackElo "2340"]

1.d4 Nf6 2.c4 e6 3.Nc3 Bb4 4.e3 O-O 5.Bd3 c5 6.Ne2 cxd4 7.exd4 d5 8.cxd5 Nxd5
9.O-O Nc6 10.Nxd5 exd5 11.Nf4 Ne7 12.Qf3 Qd7 13.h3 Rd8 14.a3 Bd6 15.Re1 Bxf4
16.Bxf4 Ng6 17.Bg3 Qa4 18.Bc7 Rf8 19.Qxd5 Be6 20.Qxb7 Qxd4 21.Be4 Rac8 22.b4 a6
23.Rac1 Qd2 24.Red1 Qe2 25.Bf3 Qb2 26.Qxa6 Bb3 27.Re1 Rfe8 28.Rxe8+ Rxe8
29.Qc6 Ba4 30.Qc3  1-0

[Event "JUG-ch (Women) 1"]
[Site "Vrnjacka Banja"]
[Date "1996.??.??"]
[Round "?"]
[White "Gaponenko, Inna"]
[Black "Chiburdanidze, Maia"]
[Result "1/2-1/2"]
[WhiteElo "2390"]
[BlackElo "2515"]

1.e4 e6 2.d4 d5 3.Nc3 Nf6 4.e5 Nfd7 5.f4 c5 6.Nf3 Nc6 7.Be3 cxd4 8.Nxd4 Bc5
9.Qd2 O-O 10.O-O-O Bxd4 11.Bxd4 a6 12.h4 b5 13.h5 b4 14.Na4 Qa5 15.b3 Nxd4
16.Qxd4 Bb7 17.Kb1 Bc6 18.Nb2 Bb5 19.Bd3 Rac8 20.f5 Bxd3 21.cxd3 exf5 22.h6 Qc5
23.Qxc5 Nxc5 24.hxg7 Rfe8 25.Rh5 Ne6 26.Rdh1 Rc6 27.Nd1 Nf4 28.Rxf5 Nxd3
29.Ne3 Kxg7 30.Rd1 Nxe5 31.Rxd5 Ng6 32.Nc4 Re1+ 33.Kc2 Re2+ 34.Rd2 Rce6 35.Ra5 Ne7
36.Rg5+ Kf6 37.Rc5 Nf5 38.Kd3 Ng3 39.Ra5 h5 40.Rxe2 Nxe2 41.Ne3 Nf4+ 42.Kd2 Kg6
43.g3 Rd6+ 44.Ke1 Nd3+ 45.Ke2 Nc1+ 46.Ke1 Nd3+ 47.Ke2 Nc1+ 48.Ke1  1/2-1/2

[Event "Yerevan ol (Women)"]
[Site "Yerevan"]
[Date "1996.??.??"]
[Round "1"]
[White "Chiburdanidze, Maia"]
[Black "Grigorian, Arusiak"]
[Result "1-0"]
[WhiteElo "2540"]
[BlackElo "2135"]

1.d4 Nf6 2.c4 g6 3.Nf3 Bg7 4.g3 O-O 5.Bg2 d6 6.Nc3 c6 7.O-O Qa5 8.e4 e5 9.h3 exd4
10.Nxd4 Nbd7 11.Nde2 Qc7 12.Be3 Re8 13.g4 Nc5 14.Ng3 a5 15.Rc1 Qe7 16.Re1 Be6
17.b3 Rad8 18.g5 Nfd7 19.Nd5 cxd5 20.cxd5 Ne5 21.dxe6 Ncd3 22.exf7+ Qxf7
23.Rf1 Nxc1 24.Bxc1 Qc7 25.h4 Rf8 26.h5 Nc6 27.Bh3 Nd4 28.Be3 Nf3+ 29.Kh1 Qf7
30.Qd5 Qxd5 31.exd5 Be5 32.Ne4 gxh5 33.Rc1 a4 34.bxa4 Ra8 35.Rc4 b5 36.axb5 Rxa2
37.Rc1 Rb2 38.Bd7 Nd4 39.Bxd4 Bxd4 40.Rc7 Bxf2 41.Be6+ Kh8 42.Nf6  1-0

[Event "Yerevan ol (Women)"]
[Site "Yerevan"]
[Date "1996.??.??"]
[Round "2"]
[White "Laesson, Tuulikki"]
[Black "Chiburdanidze, Maia"]
[Result "0-1"]
[WhiteElo "2290"]
[BlackElo "2540"]

1.e4 c6 2.d4 d5 3.e5 Bf5 4.Nc3 Qb6 5.Bd3 Bxd3 6.Qxd3 e6 7.Nge2 Ne7 8.O-O Nf5
9.a4 Na6 10.Nd1 c5 11.a5 Qc6 12.Ne3 Nb4 13.Qd1 Nxd4 14.Nxd4 cxd4 15.Qxd4 Bc5
16.Qh4 d4 17.c3 dxc3 18.bxc3 Nd3 19.Qg5 Nxc1 20.Raxc1 O-O 21.Ng4 Rfd8 22.Rce1 Kh8
23.Qf4 Rd7 24.Re4 Rad8 25.Nh6 Qc7 26.Ng4 Qxa5 27.Qf3 Bf8 28.h4 Rc8 29.Re3 Qd5
30.Qf4 Rc4 31.Qg3 Re4 32.Rfe1 Rxe3 33.Qxe3 Qd2 34.Ra1 h5 35.Qxd2 Rxd2 36.Ne3 Bc5
37.Nc4 Rc2 38.Nd6 Bxf2+ 39.Kh2 Kg8 40.c4 Bd4 41.Re1 b6 42.Re4 Bc5  0-1

[Event "Yerevan ol (Women)"]
[Site "Yerevan"]
[Date "1996.??.??"]
[Round "5"]
[White "Chiburdanidze, Maia"]
[Black "Gaponenko, Inna"]
[Result "1-0"]
[WhiteElo "2540"]
[BlackElo "2340"]

1.d4 Nf6 2.c4 g6 3.g3 Bg7 4.Nf3 O-O 5.Bg2 d6 6.Nc3 Nbd7 7.O-O e5 8.h3 Re8
9.Re1 exd4 10.Nxd4 Nc5 11.e4 a5 12.Qc2 a4 13.Be3 c6 14.Rad1 Qe7 15.Bf4 Nfd7
16.Ndb5 cxb5 17.Bxd6 Qg5 18.Rd5 Qd8 19.Bxc5 bxc4 20.Red1 Qc7 21.Nb5 Qc6 22.Bd6 Re6
23.e5 Rxd6 24.Nxd6 Nb6 25.Ra5  1-0

[Event "Yerevan ol (Women)"]
[Site "Yerevan"]
[Date "1996.??.??"]
[Round "8"]
[White "Chiburdanidze, Maia"]
[Black "Polgar, Sofia"]
[Result "1-0"]
[WhiteElo "2540"]
[BlackElo "2480"]

1.d4 d5 2.c4 c6 3.Nf3 Nf6 4.e3 e6 5.Bd3 dxc4 6.Bxc4 b5 7.Bd3 a6 8.O-O Bb7
9.a4 b4 10.Qe2 c5 11.dxc5 Bxc5 12.e4 Nbd7 13.Nbd2 e5 14.Nc4 O-O 15.b3 Ba7
16.Bg5 Bb8 17.Rad1 Re8 18.Nh4 h6 19.Bc1 Nc5 20.Bc2 Qc7 21.Nd6 Rd8 22.Nhf5 Kh7
23.Qc4 Ba7 24.Bb2 Re8 25.Nxb7 Qxb7 26.Nd6 Qc7 27.Nxe8 Rxe8 28.Qxb4 Nxa4 29.bxa4 Qxc2
30.Rd2 Qc6 31.Rd6 Qc8 32.Rc1 Qg4 33.Rxa6 Rb8 34.Qe1 Nxe4 35.Rxa7 Rxb2 36.Rxf7 Ng5
37.Qxe5 Nh3+ 38.Kf1 Rb6 39.Qf5+ Qxf5 40.Rxf5 Ng5 41.a5  1-0

[Event "Yerevan ol (Women)"]
[Site "Yerevan"]
[Date "1996.??.??"]
[Round "9"]
[White "Chiburdanidze, Maia"]
[Black "Brustman, Agnieszka"]
[Result "1-0"]
[WhiteElo "2540"]
[BlackElo "2370"]

1.c4 Nf6 2.Nc3 g6 3.g3 d5 4.cxd5 Nxd5 5.Bg2 Nb6 6.d4 Bg7 7.Nf3 Nc6 8.Bf4 O-O
9.O-O Nxd4 10.Nxd4 e5 11.Ndb5 exf4 12.Qxd8 Rxd8 13.Rfd1 Bd7 14.Nxc7 Rac8
15.N7d5 Nxd5 16.Nxd5 Ba4 17.b3 Bxa1 18.Rxa1 Rxd5 19.Bxd5 Bc6 20.Rc1 fxg3
21.hxg3 Bd7 22.Rd1 Bc6 23.Bc4 Kg7 24.f4 Re8 25.Kf2 a6 26.Rd6 a5 27.Bd3 h5
28.a3 Kf8 29.Rd4 Ke7 30.Rc4 Kf6 31.Rc5 a4 32.b4 Rc8 33.Bb5 Ke7 34.Bxa4 Kd6
35.Bb3 Ra8 36.Bxf7 Rxa3 37.Rg5 h4 38.gxh4 Ke7 39.Bxg6 Ra4 40.b5 Bd7 41.Kf3  1-0

[Event "Yerevan ol (Women)"]
[Site "Yerevan"]
[Date "1996.??.??"]
[Round "10"]
[White "Peptan, Corina"]
[Black "Chiburdanidze, Maia"]
[Result "1/2-1/2"]
[WhiteElo "2395"]
[BlackElo "2540"]

1.e4 c6 2.d4 d5 3.exd5 cxd5 4.c4 Nf6 5.Nc3 e6 6.Nf3 Bb4 7.cxd5 Nxd5 8.Bd2 O-O
9.Bd3 Be7 10.O-O Bf6 11.a3 Nc6 12.Qc2 g6 13.Rad1 Qb6 14.Bh6 Rd8 15.Be4 Nce7
16.Ne5 Nf5 17.Bxf5 exf5 18.Rfe1 Be6 19.Na4 Qc7 20.Qxc7 Nxc7 21.Nc5 b6 22.Nxe6 Nxe6
23.d5 Nc7 24.d6 Bxe5 25.Rxe5 Ne6 26.h4 Rd7 27.b4 Rad8 28.Red5 f6 29.g3 Kf7
30.Be3 Rc8 31.R1d3 Rc4 32.Bd2 Nd8 33.Kg2 Ke6 34.b5 Nf7 35.Bb4 f4 36.R5d4 Rxd4
37.Rxd4 Nxd6 38.Bxd6 fxg3 39.fxg3 Rxd6 40.Re4+ Kf5 41.Re7 Rd4 42.Rxa7 Kg4
43.Rxh7 Rd3 44.Rh6 Rxg3+ 45.Kf2 Rf3+  1/2-1/2

[Event "Yerevan ol (Women)"]
[Site "Yerevan"]
[Date "1996.??.??"]
[Round "12"]
[White "Klinova, Masha"]
[Black "Chiburdanidze, Maia"]
[Result "1/2-1/2"]
[WhiteElo "2380"]
[BlackElo "2540"]

1.e4 c6 2.d4 d5 3.Nc3 dxe4 4.Nxe4 Bf5 5.Nc5 Qc8 6.Bd3 Bg4 7.Be2 Bxe2 8.Qxe2 Nf6
9.Nf3 Nbd7 10.Nxd7 Qxd7 11.Bf4 e6 12.O-O-O b5 13.Kb1 Be7 14.h4 O-O 15.Ne5 Qb7
16.Bg5 Rfd8 17.h5 h6 18.Bxf6 Bxf6 19.f4 Rd5 20.Rh3 Rad8 21.Rhd3 Qb6 22.c3 c5
23.dxc5 Qxc5 24.Rxd5 Rxd5 25.Rxd5 Qxd5 26.Qf3 Qd2 27.Qa8+ Kh7 28.Qe4+ Kg8
29.Qa8+ Kh7 30.Qe4+  1/2-1/2

[Event "RUS-Cup4"]
[Site "Perm"]
[Date "1997.02.09"]
[Round "2"]
[White "Egorov, Evgeni"]
[Black "Chiburdanidze, Maia"]
[Result "1/2-1/2"]
[WhiteElo "2375"]
[BlackElo "2535"]

1.e4 c5 2.Nf3 d6 3.d4 cxd4 4.Nxd4 Nf6 5.Nc3 Nc6 6.Bc4 e6 7.Be3 a6 8.Bb3 Qc7
9.f4 Be7 10.O-O O-O 11.f5 Nxd4 12.Bxd4 b5 13.a3 Rb8 14.Qd3 b4 15.axb4 Rxb4
16.fxe6 fxe6 17.Kh1 Kh8 18.Rae1 a5 19.Na2 Ba6 20.Qxa6 Rxd4 21.Nc3 Rd2 22.Nb1 Rd4
23.Nc3 Rb4 24.e5 dxe5 25.Qxe6 Rbb8 26.Qxe5 Bd6 27.Qf5 Bxh2 28.Nd5 Qd6 29.Re6 Ng4
30.Rxd6 Rxf5 31.Rxf5 Bxd6 32.g3 g6 33.Rf1 Be5 34.Ra1 Rf8 35.Nf4 g5 36.Ne6 Rf2
37.Rxa5 h6 38.Ra8+ Kh7 39.Nf8+ Kg7 40.Ne6+ Kg6 41.Rg8+ Kf5 42.Kg1 Bxg3 43.Rf8+ Ke4
44.Rxf2 Bxf2+ 45.Kg2 Be3 46.c4 Bc1 47.c5 Ne5 48.Nd8  1/2-1/2

[Event "RUS-Cup4"]
[Site "Perm"]
[Date "1997.02.10"]
[Round "3"]
[White "Chiburdanidze, Maia"]
[Black "Zakharov, Alexander V"]
[Result "1/2-1/2"]
[WhiteElo "2535"]
[BlackElo "2375"]

1.d4 d5 2.c4 dxc4 3.Nf3 Nf6 4.e3 e6 5.Bxc4 c5 6.Qe2 a6 7.O-O b5 8.Bd3 cxd4
9.exd4 Be7 10.Bg5 Bb7 11.Nc3 O-O 12.Rad1 Nbd7 13.a3 Rc8 14.Bb1 Nb6 15.Qd3 g6
16.Ne5 Nbd5 17.Ne2 Rc7 18.Qh3 Nh5 19.Bd2 b4 20.Qb3 a5 21.Qa4 Qa8 22.Rc1 Ba6
23.Rxc7 Nxc7 24.Rc1 Bb5 25.Qd1 Nd5 26.a4 Ba6 27.Ng3 Nxg3 28.hxg3 Bb7 29.Qg4 Rc8
30.Re1 Nf6 31.Qh4 Rc7 32.Bg5 Qd8 33.Ba2 Nh5 34.Bxe7 Rxe7 35.Rc1 Qd6 36.Rc5 Rc7
37.Nc4 Qd7 38.Nxa5 Rxc5 39.dxc5 Ba8 40.Qxb4 Qd1+ 41.Kh2 Nf6 42.Qb8+ Kg7 43.Qe5 Qd2
44.c6 Qh6+ 45.Kg1 Qc1+ 46.Kh2 Qh6+  1/2-1/2

[Event "RUS-Cup4"]
[Site "Perm"]
[Date "1997.02.11"]
[Round "4"]
[White "Ibragimov, A."]
[Black "Chiburdanidze, Maia"]
[Result "0-1"]
[WhiteElo "2415"]
[BlackElo "2535"]

1.e4 c5 2.Nf3 d6 3.d4 cxd4 4.Nxd4 Nf6 5.Nc3 Nc6 6.Be2 e5 7.Nf3 h6 8.O-O Be7
9.b3 O-O 10.Bb2 a6 11.Re1 b5 12.Bf1 Bg4 13.h3 Bh5 14.Nd5 Nxd5 15.Qxd5 Bxf3
16.Qxc6 Rc8 17.Qxa6 Rxc2 18.gxf3 Bh4 19.Be2 Rxb2 20.Qxb5 Qg5+ 21.Kf1 Qf4
22.Kg2 Rc8 23.Rad1 Rc3  0-1

[Event "RUS-Cup4"]
[Site "Perm"]
[Date "1997.02.13"]
[Round "6"]
[White "Chiburdanidze, Maia"]
[Black "Supatashvili, Khvicha"]
[Result "1/2-1/2"]
[WhiteElo "2535"]
[BlackElo "2465"]

1.d4 Nf6 2.c4 e6 3.Nc3 Bb4 4.e3 c5 5.Ne2 cxd4 6.exd4 O-O 7.a3 Be7 8.Nf4 d5
9.cxd5 Nxd5 10.Ncxd5 exd5 11.Bd3 Nc6 12.O-O Bg5 13.Re1 Qd6 14.Qh5 h6 15.Ne2 Qe7
16.Bxg5 Qxg5 17.Qxg5 hxg5 18.Bb5 Bd7 19.f4 gxf4 20.Nxf4 a6 21.Bxc6 Bxc6 22.Re5 Rfe8
23.Rae1 Rxe5 24.Rxe5 Rd8 25.Kf2 Kf8 26.h4 Rd7 27.g4 f6 28.Re3 Kf7 29.g5 fxg5
30.hxg5 Re7 31.Rxe7+ Kxe7 32.Ke3 Kd6 33.Kf3 Bd7 34.Kg3 Bf5 35.Ne2 g6 36.Kf4 Bd7
37.Nc1 Bf5 38.Nb3 b6 39.Nc1 a5  1/2-1/2

[Event "WchT 4th"]
[Site "Luzern"]
[Date "1997.10.25"]
[Round "1"]
[White "Chiburdanidze, Maia"]
[Black "Kotsur, Pavel"]
[Result "1-0"]
[WhiteElo "2525"]
[BlackElo "2500"]

1.d4 Nf6 2.c4 c5 3.d5 e6 4.Nc3 exd5 5.cxd5 d6 6.e4 g6 7.f4 Bg7 8.Bb5+ Nfd7
9.a4 O-O 10.Nf3 Na6 11.O-O Nc7 12.Bxd7 Bxd7 13.f5 gxf5 14.Bg5 f6 15.Bf4 Ne8
16.Qc2 fxe4 17.Nxe4 Bf5 18.Nh4 Bg6 19.Ra3 Qe7 20.Nxg6 hxg6 21.Rg3 f5 22.Ng5 Nc7
23.h4 Rfe8 24.h5 Qe2 25.Qxe2 Rxe2 26.Bxd6 Nxd5 27.Nf3 Re6 28.Rxg6 Rxg6 29.hxg6 c4
30.Be5 Re8 31.Bxg7 Kxg7 32.Nh4 f4 33.Rd1 Nf6 34.Rc1 Ng4 35.g3 fxg3 36.Kg2 Re2+
37.Kf3 Rxb2 38.Kxg4 g2 39.Kg5 Rf2 40.Rg1 c3 41.Nxg2  1-0